02055nam a2200277Ia 450000500170000000800410001702000150005808200230007310000350009624501020013125000190023326000340025230000180028633700100030433800140031433900120032850001080034050509150044865000190136365000270138294200120140995201050142195201170152695201170164399900170176020231102150653.0120622s 2004mx 000 0 mx d a9700749010 a346 R741c v.3 2004 aRojina Villegas, Rafaeleautor aCompendio de dereho civil III b: teoría general de las obligaciones c/ Rafael Rojina Villegas a25a. edición aMéxico b: Porrúac, 2004 a543 páginas atexto asin medio avolumen aVigésimo quinta edición concordada con la Legislación vigente por la Lic. Adriana Rojina García aPrimera parte. De las obligaciones en general Segunda parte. Supuestos y consecuencias de creación de las obligaciones El contrato como acto jurídico creador de obligaciones El contrato como norma jurídica Teoría general de las fuentes extracontractuales La declaración unilateral de voluntad como fuente de obligaciones El testamento y la sentencia como fuentes de obligaciones Hechos jurídicos que son fuentes de obligaciones Tercera parte. Supuestos y consencuencias del cumplimiento y de incumplimiento de las obligaciones. Supuestos y consecuencias relativos al cumplimiento de las obligaciones Incumplimiento de las obligaciones y responsabilidad civil Instituciones protectoras del acreedor (Incumplimiento de las obligaciones en relación a terceros) Cuarta parte. Transmisión de las obligaciones Quinta parte. Extinción de las obligaciones Sexta parte. Modalidades de las obligaciones14aDERECHO CIVIL.24aOBLIGACIONES (DERECHO) 2ddccLB 00102ddc4070a22b22d2007-01-25l0o346 R741c v.3 2004p01 010373r2012-06-24t1w2012-06-24yLB 00102ddc4070a01b01d2007-01-25l1o346 R741c v.3 2004p01 010374r2017-04-18s2017-04-18t2w2012-06-24yLB 00102ddc4070a22b22d2007-01-25l3o346 R741c v.3 2004p01 010375r2015-12-15s2015-12-15t3w2012-06-24yLB c60039d60039